| 000 | 00522nam a22001937a 4500 | ||
|---|---|---|---|
| 005 | 20230310082345.0 | ||
| 008 | 230310b |||||||| |||| 00| 0 eng d | ||
| 020 | _a0-446-35650-6 | ||
| 082 | _aFic. F754 1984 | ||
| 100 |
_aFoster, Alan Dean _eauthor |
||
| 245 |
_aThe hour of the gate / _cAlan Dean Foster |
||
| 260 |
_aNew York: _bWarner Books, _cc1984 |
||
| 300 | _a300p. | ||
| 490 | _aSpellsinger; book 2 | ||
| 541 | _e5322 | ||
| 650 | _aWizard - Fiction | ||
| 650 | _aMagic - Fiction | ||
| 650 | _aAdventure fiction | ||
| 999 |
_c1717 _d1717 |
||